Szczegóły MARC21

Kroniki Jana Bugenhagena i Tomasza Kantzowa o dziejach Pomorza Zachodniego w latach 1370-1464 : studium z zakresu ideologii politycznej /

003 -Nazwa inst., której nr kontr. jest w polu 001 [,]
    • @
    • Nazwa instytucji, której n kontrolny jest w polu 001
    • NUKAT
005 -DATA I CZAS OSTATNIEJ MODYFIKACJI [,]
    • @
    • pole kontrolne
    • 20241231103146.0
040 -Instytucja sporządzająca opis [ , ]
    • a
    • Instytucja, która sporządziła opis (NP)
    • GD U/ang
    • c
    • Instytucja, która sporządziła rekord (NP)
    • GD U/ang
    • d
    • Instytucja, która zmodyfikowała rekord (P)
    • GD U/DC
    • d
    • Instytucja, która zmodyfikowała rekord (P)
    • GD U/angs
    • d
    • Instytucja, która zmodyfikowała rekord (P)
    • KR U/4LUK
041 -Język dokumentu [0, ]
    • a
    • Język tekstu (P)
    • polski
    • b
    • Język streszczeń lub abstraktu (P)
    • angielski
942 -Rodzaj dokumentu [ , ]
    • c
    • Rodzaj dokumentu
    • Książka
100 -Hasło główne - nazwa osobowa [1, ]
    • a
    • Nazwa osobowa (NP)
    • Fenrych, Wiktor
    • d
    • Daty biograficzne (NP)
    • (1925-2005).
    • 9
    • KHW
    • 76731
245 -Strefa tytułu i oznaczenia odpowiedzialności [1,0]
    • a
    • Tytuł
    • Kroniki Jana Bugenhagena i Tomasza Kantzowa o dziejach Pomorza Zachodniego w latach 1370-1464 : Find
    • b
    • Ciąg dalszy tytułu (NP)
    • studium z zakresu ideologii politycznej / Find
    • c
    • Pozostałe elementy strefy tytułu i oznaczenia odpowiedzialności (NP)
    • Wiktor Fenrych.
246 -Wariant tytułu [1,8]
    • a
    • Tytuł (NP)
    • Kroniki J. Bugenhagena i T. Kantzowa
260 -Strefa adresu wydawniczego [ , ]
    • a
    • Miejsce wydania (P)
    • Szczecin :
    • b
    • Nazwa wydawcy (P)
    • Państwowe Wydaw. Naukowe,
    • c
    • Data wydania (P)
    • 1965.
300 -Strefa opisu fizycznego [ , ]
    • a
    • Określenie formy książki i/lub objętość (NP)
    • 124, [1] s., [4] s. tabl. ;
    • c
    • Format (NP)
    • 25 cm.
336 -Typ zawartości [ , ]
    • a
    • Termin opisujący typ zawartości
    • Tekst
    • b
    • Kod określający zawartość
    • txt
    • 2
    • Źródło (terminu i kodu)
    • rdacontent
337 -Typ mediów [ , ]
    • a
    • Tryb odtwarzania
    • Bez urządzenia pośredniczącego
    • b
    • Kod typu mediów
    • n
    • 2
    • Źródło (terminu i kodu)
    • rdamedia
338 -Typ/rodzaj nośnika [ , ]
    • a
    • Hasło opisujące typ nośnika
    • Wolumin
    • b
    • Kod typu nośnika
    • nc
    • 2
    • Źródło (terminu i kodu)
    • rdacarrier
490 -Strefa serii i książki wielotomowej - forma nie do wyszukiwania [1, ]
    • a
    • Tytuł (P)
    • Szczecińskie Towarzystwo Naukowe. Wydział Nauk Społecznych = Find
    • a
    • Tytuł (P)
    • Societas Scientiarum Stetinensis. ; Find
    • v
    • Numeracja (P)
    • t. 8
830 -Hasło dodatkowe serii i opisu książki wielotomowej - tytuł ujednolicony/tytuł [ ,0]
    • a
    • Tytuł ujednolicony/tytuł (NP)
    • Szczecińskie Towarzystwo Naukowe.
    • p
    • Nazwa części/podserii/sekcji (P)
    • Wydział Nauk Społecznych
    • x
    • ISSN
    • 0082-1292
    • v
    • Oznaczenie tomu (NP)
    • t. 8
    • 9
    • KHW
    • 16665
546 -Uwaga dot. języka [ , ]
    • a
    • Uwaga dot. języka
    • Streszcz. ang.
080 -Uniwersalna Klasyfikacja Dziesiętna [ , ]
    • a
    • Symbol klasyfikacji
    • 930.1(091)"14/15"
080 -Uniwersalna Klasyfikacja Dziesiętna [ , ]
    • a
    • Symbol klasyfikacji
    • (438.17'25)
600 -Hasło przedmiotowe w formie nazwy osobowej [1,7]
    • a
    • Nazwa osobowa
    • Bugenhagen, Johannes
    • d
    • Daty związane z nazwą
    • (1485-1558)
    • x
    • Określnik rzeczowy
    • krytyka i interpretacja.
    • 2
    • Źródło terminu
    • kaba
    • 9
    • KHW
    • 359333
600 -Hasło przedmiotowe w formie nazwy osobowej [1,7]
    • a
    • Nazwa osobowa
    • Kantzow, Thomas
    • d
    • Daty związane z nazwą
    • (około 1505-1542)
    • x
    • Określnik rzeczowy
    • krytyka i interpretacja.
    • 2
    • Źródło terminu
    • kaba
    • 9
    • KHW
    • 359334
651 -Hasło przedmiotowe w formie nazwy geograficznej [ ,7]
    • a
    • Nazwa geograficzna
    • Pomorze (region)
    • y
    • Określnik chronologiczny
    • 15 w.
    • 2
    • Źródło terminu
    • kaba
    • 9
    • KHW
    • 350548
651 -Hasło przedmiotowe w formie nazwy geograficznej [ ,7]
    • a
    • Nazwa geograficzna
    • Pomorze (region)
    • y
    • Określnik chronologiczny
    • 14 w.
    • 2
    • Źródło terminu
    • kaba
    • 9
    • KHW
    • 359335
980 -Symbol UKD [ , ]
    • a
    • UKD
    • 930.1(091)"14/15"(438.17'25)
Sygnatura Data inwentaryzacji Lokalizacja Status udost. Numer inwentarzowy
Z.868181995-11-03BG1Z.86818
 1995-11-03BNS1H.5091
 1995-11-03BNS-3H.5187
 1997-12-12BNS-3H.6775